The organization of neglect: limited liability companies and housing disinvestment (Record no. 509993)

000 -LEADER
fixed length control field 01897nam a2200169 4500
008 - FIXED-LENGTH DATA ELEMENTS--GENERAL INFORMATION
fixed length control field 190712b ||||| |||| 00| 0 eng d
100 ## - MAIN ENTRY--PERSONAL NAME
Personal name Travis, Adam
245 ## - TITLE STATEMENT
Title The organization of neglect: limited liability companies and housing disinvestment
260 ## - PUBLICATION, DISTRIBUTION, ETC. (IMPRINT)
Date of publication, distribution, etc 2019
300 ## - PHYSICAL DESCRIPTION
Extent p.142-170.
520 ## - SUMMARY, ETC.
Summary, etc Sociological accounts of urban disinvestment processes rarely assess how landlords’ variable investment strategies may be facilitated or constrained by the legal environment. Nor do they typically examine how such factors might, in turn, affect housing conditions for city dwellers. Over the past two decades, the advent and diffusion of the limited liability company (LLC) has reshaped the legal landscape of rental ownership. Increasingly, rental properties are owned by business organizations that limit investor liability, rather than by individual landlords who own property in their own names. An analysis of administrative records and survey data from Milwaukee, Wisconsin, demonstrates that signs of housing disinvestment increase when properties transition from individual to LLC ownership. This increase is not explained by selection on property characteristics or by divergent pre-transfer trends. Results affirm that real estate investors are responsive to changes in the legal environment and that the protective structure of the LLC facilitates housing disinvestment in Milwaukee. Elaborating the role of real estate investors can deepen accounts of neighborhood change processes and help explain variation in local housing conditions. Ultimately, public policies that enable business operators to circumscribe or reallocate risk may generate unintended costs for consumers and the public. - Reproduced.
650 ## - SUBJECT ADDED ENTRY--TOPICAL TERM
Topical term or geographic name as entry element Urban sociology
9 (RLIN) 6998
650 ## - SUBJECT ADDED ENTRY--TOPICAL TERM
Topical term or geographic name as entry element Disinvestment
9 (RLIN) 6999
773 ## - HOST ITEM ENTRY
Main entry heading American Sociological Review
906 ## - LOCAL DATA ELEMENT F, LDF (RLIN)
Subject DIP Housing
942 ## - ADDED ENTRY ELEMENTS (KOHA)
Source of classification or shelving scheme
Item type Articles
Holdings
Withdrawn status Lost status Source of classification or shelving scheme Damaged status Not for loan Permanent location Current location Date acquired Serial Enumeration / chronology Barcode Date last seen Koha item type
          Indian Institute of Public Administration Indian Institute of Public Administration 2019-07-12 84(1), Feb, 2019: p.142-170. AR120069 2019-07-12 Articles

Powered by Koha